Compendio di Diritto Commerciale

Detalles Bibliográficos
Autor principal: Moretti, A.
Formato: eBook
Lenguaje:italiano
Publicado: Piacenza : Casa Editrice La Tribuna, 2012
Materias:
Acceso en línea:Acceso restringido

MARC

LEADER 00000nam a22000007a 4500
005 20120906184223.0
007 cr|||| |||
008 120906s2012 it |||||s|||| 00||0 ita d
020 |a 9788861329089 
035 |a 6600 
040 |a vLex 
090 |c 3394  |d 3394 
100 1 |a Moretti, A.  
245 1 0 |a Compendio di Diritto Commerciale  |h [Recurso electrn̤ico] /  |c A. Moretti  
256 |a Servicio en ln̕ea 
260 |a Piacenza :  |b Casa Editrice La Tribuna,   |c 2012 
300 |a 1 recurso electrn̤ico 
506 1 |a Contenido solo disponible en los productos indicados  |d vLex Global   |d vLex Global (Academic Edition, excluding Law Schools)   |d vLex Global (U.S. Academic Edition, Law Schools)   |d vLex Global (U.S. Academic Edition, excluding Law Schools)   |d vLex Global (Academic Edition, Law Schools)  
650 0 4 |a Derecho mercantil  |z Italia 
740 0 |a vLex Libros (Servicio en ln̕ea) 
856 4 0 |u http://vlex.com/source/compendio-diritto-commerciale-6600  |z Acceso restringido 
942 |c BOOK 
999 0 |a Commercial law